UM Logo

Review and classification of MTPA control algorithms for synchronous motors / (Record no. 18972)

MARC details
000 -LEADER
fixed length control field 00939nam a22002177a 4500
003 - CONTROL NUMBER IDENTIFIER
control field OSt
005 - DATE AND TIME OF LATEST TRANSACTION
control field 20250911174638.0
008 - FIXED-LENGTH DATA ELEMENTS--GENERAL INFORMATION
fixed length control field 240207b ||||| |||| 00| 0 eng d
040 ## - CATALOGING SOURCE
Transcribing agency 0
082 ## - DEWEY DECIMAL CLASSIFICATION NUMBER
Classification number DPer 621.381 In821 April 2022 v. 37 n. 4
100 ## - MAIN ENTRY--PERSONAL NAME
Personal name Dainov, Anton.
Relator term author.
9 (RLIN) 51733
245 ## - TITLE STATEMENT
Title Review and classification of MTPA control algorithms for synchronous motors /
Statement of responsibility, etc. Anton Dainov, Fabio Tinazzi, Sandro Calligaro, and Silverio Bolognani.
260 ## - PUBLICATION, DISTRIBUTION, ETC. (IMPRINT)
Place of publication, distribution, etc. New York ;
Name of publisher, distributor, etc. The Institute of Electrical and Electronics Engineers, Inc. ,
Date of publication, distribution, etc. April 2022.
300 ## - PHYSICAL DESCRIPTION
Extent Volume 37, pages 3990-4007 :
Other physical details illustration ;
Dimensions 28 cm.
500 ## - GENERAL NOTE
General note IEEE Transaction on Power Electronics, vol. 37, no. 4, pages 3990-4007, April 2022.
700 ## - ADDED ENTRY--PERSONAL NAME
Personal name Dainov, Anton.
Relator term author.
9 (RLIN) 51733
700 ## - ADDED ENTRY--PERSONAL NAME
Personal name Tinazzi, Fabio.
Relator term author.
9 (RLIN) 51734
700 ## - ADDED ENTRY--PERSONAL NAME
Personal name Calligaro, Sandro.
Relator term author.
9 (RLIN) 51735
700 ## - ADDED ENTRY--PERSONAL NAME
Personal name Bolognani, Silverio.
Relator term author.
9 (RLIN) 51736
942 ## - ADDED ENTRY ELEMENTS (KOHA)
Source of classification or shelving scheme Dewey Decimal Classification
Koha item type Periodicals
Holdings
Withdrawn status Lost status Source of classification or shelving scheme Damaged status Not for loan Collection code Home library Current library Date acquired Total Checkouts Full call number Date last seen Price effective from Koha item type Public note
    Dewey Decimal Classification     Periodicals UM Digos College - LIC UM Digos College - LIC 02/07/2024   DPer 621.381 In821 April 2022 v. 37 n. 4 02/07/2024 02/07/2024 Periodicals Periodical Article